01545nam a2200421 i 450000100060000000300080000600500170001400600190003100700150005000800410006502000180010603500230012403500240014703500250017103500210019604000310021705000240024808000080027208200200028010000200030024500740032026400560039430000400045033600310049033700330052133800430055449000200059750000230061750400290064058801280066965000680079765000830086565000340094865000310098265500270101383000210104085600620106196736FlNmELB20241217172618.0m o d | cr cnu||||||||150223s2004 mx ob 001 0 spa d z9789687947167 a(MiAaPQ)EBC3226815 a(Au-PeEL)EBL3226815 a(CaPaEBR)ebr11002198 a(OCoLC)991965556 aFINmELBbspaerdacFINmELB 4aRA593.M6bP784 2004 a6280 a363.61097222231 aPombo, Alberto.10aTijuana :bagua y salud ambiental (sus estrategias) /cAlberto Pombo. 1aTijuana :bEl Colegio de la Frontera Norte,c[2004] a1 recurso en línea (93 páginas) atextobtxt2rdacontent/spa acomputadorabc2rdamedia/spa arecurso en líneabcr2rdacarrier/spa1 aBreviarium ;v1 aContiene índice. aContiene bibliografía. aDescripción basada en recurso en línea; Título de la página del título en PDF (e-libro, visto February 23, 2015). 0aWater-supplyxHealth aspectszMexicozTijuana (Baja California) 4aAguaxAbastecimientoxAspectos sanitarioszMéxicozTijuana (Baja California) 0aEnvironmental healthzMexico. 4aSalud ambientalzMéxico. 4aLibros electrónicos. 0aBreviarium ;v1.40uhttps://elibro.net/ereader/politecnicointernacional/72844